=LDR 00000nam 2200000 4500 =001 INLIS000000000022270 =005 20130612121038 =008 ***********************************ind** =035 ##$$0010-061300000022270 =041 ##$$a ind =082 ##$$a 2x5.2 =090 ##$$a 2x5.2, Ath k =100 ##$$a Aththar, Fariduddin =245 ##$$a Kisah - kisah Sufi Agung, Fariduddin 'Aththar =260 ##$$a 2005 $b Jakarta =300 ##$$a 556 hlm., 17 cm =650 ##$$a Sufi - Kaum =850 ##$$a NBPNMAT